EL HOMBRE Y SU METAFISICA/

Kaydedildi:
Detaylı Bibliyografya
Yazar: Iturrioz Arregui, Jesús (autor)
Materyal Türü: Kitap
Konular:
Etiketler: Etiketle
Etiket eklenmemiş, İlk siz ekleyin!

MARC

LEADER 00000nam^a2200000^a^4500
001 000217777
005 20250521000000.0
009 20260310103731.281
035 |a 012897 
037 |a Acervo Xavier Clavigero 
082 |a 128.  |b ITU 
100 |a Iturrioz Arregui, Jesús  |e (autor) 
245 1 3 |a EL HOMBRE Y SU METAFISICA/  |c J. ITURRIOZ, S.J 
264 |a MADRID :  |b ALDECOA,  |c 1943 
300 |a 312p. 
336 |a texto  |b txt  |2 rdacontenido 
337 |a sin mediación  |b n  |2 rdamedio 
338 |a volumen  |b nc  |2 rdasoporte 
649 |a XX 
650 |a Hombre 
650 |a Antropología Filosófica 
910 |a Fondo General 
920 |a Impresos - Libros 
930 |a Colección General 
905 |a 101 
901 |a 012897  |b IT1  |c ACC  |i 012897  |u 20250521 
902 |a https://opac.biblio.iteso.mx/vufind/Record/000217777